[Event "Mondiale Semilampo 2016"]
[Site "Doha QAT"]
[Date "2016.12.28"]
[Round "13.37"]
[White "Adly, Ahmed"]
[Black "Henriquez Villagra, Cristobal"]
[Result "1-0"]
[WhiteTitle "GM"]
[BlackTitle "IM"]
[WhiteElo "2599"]
[BlackElo "2517"]
[WhiteFideId "10601619"]
[BlackFideId "3409350"]
[EventDate "2016.12.26"]

1. Nf3 d5 2. g3 g6 3. Bg2 Bg7 4. c4 d4 5. O-O e5 6. d3 Ne7 7. e3 O-O 8. exd4
exd4 9. b4 a5 10. b5 c5 11. bxc6 Nexc6 12. Re1 Na6 13. Bg5 f6 14. Bf4 Nc5 15.
Na3 g5 16. Bc1 Bf5 17. Bf1 Nb4 18. Nb5 Nbxd3 19. Ba3 Nxe1 20. Bxc5 Nc2 21. Rc1
d3 22. Nd6 Qc7 23. Nxf5 Qxc5 24. Bxd3 Nb4 25. Bb1 Rad8 26. N3d4 Rf7 27. Qg4 h5
28. Qe4 Qe5 29. Qxe5 fxe5 30. Ne6 Rd2 31. Nexg7 Rfd7 32. Re1 Rxg7 33. Nxg7 Kxg7
34. Rxe5 Rd1+ 35. Kg2 Rxb1 36. Rxg5+ Kh6 37. Rxa5 Rb2 38. g4 hxg4 39. Kg3 Nd3
40. Kxg4 Rxf2 41. Rb5 Rf7 42. Rh5+ Kg6 43. Rg5+ Kh6 44. Rh5+ Kg6 45. Rg5+ Kf6
46. Rf5+ Ke6 47. Rxf7 Kxf7 48. Kf5 Nb2 49. Ke5 Nxc4+ 50. Kd5 Nb6+ 51. Kc5 Nc8
52. a4 Ke6 53. h4 Kf5 54. a5 Kg4 55. Kb5 Kxh4 56. a6 bxa6+ 57. Kxa6 1-0

[Event "Mondiale Semilampo 2016"]
[Site "Doha QAT"]
[Date "2016.12.28"]
[Round "13.38"]
[White "Jobava, Baadur"]
[Black "Khusnutdinov, Rustam"]
[Result "0-1"]
[WhiteTitle "GM"]
[BlackTitle "GM"]
[WhiteElo "2702"]
[BlackElo "2458"]
[WhiteFideId "13601520"]
[BlackFideId "13701703"]
[EventDate "2016.12.26"]

1. e4 e6 2. d4 d5 3. Nc3 Nf6 4. e5 Nfd7 5. Nce2 c5 6. c3 Nc6 7. f4 Be7 8. Nf3 f6
9. g3 O-O 10. Bg2 Qb6 11. Qb3 cxd4 12. cxd4 Bb4+ 13. Bd2 fxe5 14. fxe5 Rxf3 15.
Qxf3 Bxd2+ 16. Kxd2 Qxb2+ 17. Ke3 Nxd4 18. Nxd4 Nxe5 19. Qd1 Qxg2 20. Qc2 Nc4+
21. Kd3 Qh3 22. Rhf1 Bd7 23. Qf2 Qh5 24. Rae1 Qg6+ 25. Kc3 Rc8 26. Nb3 Ne3+ 27.
Kb4 a5+ 28. Kxa5 Ra8+ 29. Kb4 Qe4+ 30. Kc5 Qc4+ 31. Kd6 Qc6+ 32. Ke7 Re8# 0-1

[Event "Mondiale Semilampo 2016"]
[Site "Doha QAT"]
[Date "2016.12.28"]
[Round "13.39"]
[White "Atabayev, Maksat"]
[Black "Amin, Bassem"]
[Result "0-1"]
[WhiteTitle "GM"]
[BlackTitle "GM"]
[WhiteElo "2492"]
[BlackElo "2662"]
[WhiteFideId "14001101"]
[BlackFideId "10601457"]
[EventDate "2016.12.26"]

1. Nf3 Nf6 2. d4 e6 3. c3 c5 4. Bg5 Qb6 5. Qb3 Nc6 6. e3 d5 7. Nbd2 h6 8. Bf4
Be7 9. h3 Bd7 10. Be2 O-O 11. O-O Rac8 12. Ne5 Nxe5 13. Bxe5 Bc6 14. Rfe1 Rfe8
15. Bg3 Qa5 16. a4 Nd7 17. Qc2 Qd8 18. Nf3 Bf6 19. a5 a6 20. Red1 Qe7 21. Qd2 g6
22. Ne5 Nxe5 23. Bxe5 Bxe5 24. dxe5 Rcd8 25. b4 Kg7 26. bxc5 Qxc5 27. Qd4 Qe7
28. Rdb1 Rc8 29. Rb6 Rc7 30. Rab1 Rec8 31. h4 f6 32. c4 dxc4 33. exf6+ Qxf6 34.
Qxf6+ Kxf6 35. Bxc4 Rd8 36. f3 Rd2 37. R6b4 Rcd7 38. R4b2 g5 39. hxg5+ hxg5 40.
Bf1 Rd1 41. Kh2 Rxb1 42. Rxb1 Rd2 43. Kg3 Ra2 44. Bc4 Rxa5 45. Rh1 Rc5 46. Ba2
Rc2 47. Bb1 Rb2 48. Rh6+ Ke7 49. Bh7 a5 50. Bg8 Bd5 51. e4 Bc4 52. e5 a4 0-1

[Event "Mondiale Semilampo 2016"]
[Site "Doha QAT"]
[Date "2016.12.28"]
[Round "13.40"]
[White "Firouzja, Alireza"]
[Black "Halkias, Stelios"]
[Result "1/2-1/2"]
[WhiteTitle "IM"]
[BlackTitle "GM"]
[WhiteElo "2456"]
[BlackElo "2585"]
[WhiteFideId "12573981"]
[BlackFideId "4201809"]
[EventDate "2016.12.26"]

1. e4 e5 2. Nf3 Nc6 3. Bb5 a6 4. Ba4 Nf6 5. O-O Be7 6. Re1 b5 7. Bb3 d6 8. c3
O-O 9. h3 Nb8 10. d4 Nbd7 11. Nbd2 Bb7 12. Bc2 Re8 13. a4 Bf8 14. Bd3 c6 15. b4
exd4 16. cxd4 d5 17. e5 Nh5 18. Nb3 g6 19. Bg5 Be7 20. Bxe7 Rxe7 21. a5 Nf8 22.
Qd2 Ne6 23. Nh2 f5 24. Nf3 Rf7 25. Bf1 Qe7 26. Rac1 Kh8 27. Nc5 Nhg7 28. Nxe6
Nxe6 29. Red1 g5 30. Ne1 g4 31. hxg4 fxg4 32. Qe3 Rf4 33. g3 Rf7 34. Nd3 Raf8
35. Be2 h5 36. Kg2 Rh7 37. Rh1 Qg7 38. Rh4 Ng5 39. Nf4 Bc8 40. Rxc6 Bf5 41. Bd3
Bxd3 42. Qxd3 Nf3 43. Rh1 Re8 44. Rg6 Qf7 45. Rf6 Qg7 46. Qg6 Qxg6 47. Nxg6+ Kg8
48. Rd1 Rc7 49. Nf4 Rc4 50. Nxh5 Rxd4 51. Rxd4 Nxd4 52. Rf4 Rxe5 53. Rxg4+ Kf7
54. Rxd4 Rxh5 55. Rh4 Re5 56. Rh6 Re4 57. Rxa6 Rxb4 58. Rd6 d4 59. a6 Ra4 60. a7
Rxa7 61. Rxd4 Ke6 62. f4 Rb7 63. Kf3 b4 64. Re4+ Kd5 65. Re1 b3 66. Kg4 b2 67.
Rb1 Ke4 68. Kg5 Rg7+ 69. Kf6 Rxg3 1/2-1/2

[Event "Mondiale Semilampo 2016"]
[Site "Doha QAT"]
[Date "2016.12.28"]
[Round "13.41"]
[White "Grandelius, Nils"]
[Black "Aleksandrov, Aleksej"]
[Result "1/2-1/2"]
[WhiteTitle "GM"]
[BlackTitle "GM"]
[WhiteElo "2643"]
[BlackElo "2574"]
[WhiteFideId "1710400"]
[BlackFideId "13500139"]
[EventDate "2016.12.26"]

1. e4 e5 2. Nf3 Nc6 3. Bb5 Nf6 4. d3 d6 5. O-O Bd7 6. Re1 Be7 7. c3 O-O 8. Nbd2
h6 9. Nf1 Re8 10. Ng3 Bf8 11. Ba4 Rb8 12. h3 b5 13. Bc2 a5 14. d4 a4 15. Be3 Qc8
16. b3 axb3 17. axb3 exd4 18. cxd4 Nb4 19. Bb1 c5 20. Qd2 Ra8 21. Rxa8 Qxa8 22.
dxc5 dxc5 23. Nh5 Nxh5 24. Qxd7 Qc6 25. Qxc6 Nxc6 26. Bd3 Rb8 27. e5 g5 28. Ra1
Nf4 29. Bxf4 gxf4 30. Be4 Nb4 31. Ra7 Rd8 32. Kh2 Nd3 33. Bf5 Rd5 34. Be4 Rd8
35. Bf5 Rd5 36. Be4 Rd8 37. Bf5 1/2-1/2

[Event "Mondiale Semilampo 2016"]
[Site "Doha QAT"]
[Date "2016.12.28"]
[Round "13.42"]
[White "Flores, Diego"]
[Black "Hirneise, Tobias"]
[Result "1-0"]
[WhiteTitle "GM"]
[BlackTitle "IM"]
[WhiteElo "2579"]
[BlackElo "2466"]
[WhiteFideId "108049"]
[BlackFideId "24600881"]
[EventDate "2016.12.26"]

1. c4 c5 2. g3 g6 3. Bg2 Bg7 4. Nc3 Nc6 5. Nf3 d6 6. O-O Bf5 7. h3 Nf6 8. d3 O-O
9. Rb1 Rb8 10. a3 a6 11. b4 cxb4 12. axb4 b5 13. cxb5 axb5 14. e4 Bd7 15. d4 Qc8
16. Kh2 Nxd4 17. Qxd4 Ng4+ 18. hxg4 Bxd4 19. Nd5 Qc2 20. Nxd4 Qxb1 21. Nxe7+ Kh8
22. Bg5 f6 23. Rxb1 fxg5 24. f3 Rf7 25. Nd5 Rc8 26. Ra1 Rc4 27. Ne2 Rc2 28. Ndc3
Rd2 29. Rd1 Rxd1 30. Nxd1 Be8 31. Nec3 Ra7 32. Bf1 Ra3 33. Kg2 Rb3 34. Bxb5 Bf7
35. Bc6 Rxb4 36. Bd5 Be8 37. Kf2 Kg7 38. Ke3 h5 39. Nf2 Rb2 40. f4 gxf4+ 41.
gxf4 hxg4 42. Nxg4 Rg2 43. Nf2 Rg3+ 44. Kd4 Bd7 45. Nd3 Kf8 46. Bc4 Be8 47. Nd5
Rf3 48. Nb6 Ke7 49. Nd5+ Kf8 50. Nf6 Bf7 51. Nh7+ Kg7 52. Ng5 1-0

[Event "Mondiale Semilampo 2016"]
[Site "Doha QAT"]
[Date "2016.12.28"]
[Round "13.43"]
[White "Mareco, Sandro"]
[Black "Bindrich, Falko"]
[Result "0-1"]
[WhiteTitle "GM"]
[BlackTitle "GM"]
[WhiteElo "2635"]
[BlackElo "2590"]
[WhiteFideId "112275"]
[BlackFideId "4676670"]
[EventDate "2016.12.26"]

1. Nf3 d5 2. c4 e6 3. g3 dxc4 4. Bg2 c6 5. O-O b5 6. a4 Bb7 7. b3 cxb3 8. Qxb3
b4 9. Ne5 a5 10. d4 Nf6 11. Bb2 Be7 12. Nd2 O-O 13. Rac1 Nd5 14. Rfd1 Ra6 15.
Ne4 Ba8 16. Nc5 Ra7 17. e4 Nf6 18. f4 Nbd7 19. Ncxd7 Nxd7 20. Nxc6 Bxc6 21. Rxc6
Rc7 22. Qc2 Rxc6 23. Qxc6 Nc5 24. Bf3 Qd7 25. e5 Qxc6 26. Bxc6 Rc8 27. Bb5 Ne4
28. d5 exd5 29. Rxd5 Nc3 30. Rd7 Bf8 31. Rb7 Nxb5 32. Rxb5 Rd8 0-1

[Event "Mondiale Semilampo 2016"]
[Site "Doha QAT"]
[Date "2016.12.28"]
[Round "13.44"]
[White "Bok, Benjamin"]
[Black "Pichot, Alan"]
[Result "0-1"]
[WhiteTitle "GM"]
[BlackTitle "GM"]
[WhiteElo "2598"]
[BlackElo "2544"]
[WhiteFideId "1017063"]
[BlackFideId "110973"]
[EventDate "2016.12.26"]

1. d4 Nf6 2. c4 g6 3. g3 Bg7 4. Bg2 O-O 5. Nc3 d6 6. Nf3 Nc6 7. O-O a6 8. b3 Rb8
9. d5 Na5 10. Bg5 c5 11. dxc6 Nxc6 12. Rc1 Bf5 13. Qd2 Qa5 14. Rfd1 Rfc8 15. h3
Kf8 16. Bh6 b5 17. cxb5 axb5 18. Qe3 b4 19. Na4 Be4 20. g4 Bxf3 21. Bxf3 Ne5 22.
Bxg7+ Kxg7 23. Bg2 Kf8 24. Qd4 g5 25. e3 Ng6 26. f4 h5 27. gxh5 Nxh5 28. Be4 Ng3
29. Kg2 Rxc1 30. Bxg6 fxg6 31. Rxc1 gxf4 32. Qxf4+ Nf5 33. e4 Qa8 34. Kh2 e5 35.
Qg4 Ne7 36. Rf1+ Ke8 37. Qh4 Qa6 38. Rf2 Rc8 39. Qh7 Rc1 40. Qf7+ Kd7 41. Qf3
Qc6 42. Qe3 Rc2 43. Nb6+ Ke6 44. Rxc2 Qxc2+ 45. Kg3 Qxa2 46. Qd3 Qa1 47. Qc4+
Kf6 48. Nd7+ Kg7 49. Qe6 Qg1+ 50. Kf3 Qf1+ 51. Kg3 Qf4+ 52. Kg2 Qxe4+ 53. Kg1
Nf5 54. Qf6+ Kh6 55. Qf8+ Kg5 56. Qd8+ Kf4 57. Qb6 Qe1+ 58. Kh2 Qg3+ 59. Kh1
Qxh3+ 60. Kg1 Qe3+ 0-1

[Event "Mondiale Semilampo 2016"]
[Site "Doha QAT"]
[Date "2016.12.28"]
[Round "13.45"]
[White "Sanal, Vahap"]
[Black "Debashis, Das"]
[Result "1/2-1/2"]
[WhiteTitle "GM"]
[BlackTitle "GM"]
[WhiteElo "2474"]
[BlackElo "2472"]
[WhiteFideId "6300545"]
[BlackFideId "5024854"]
[EventDate "2016.12.26"]

1. e4 c5 2. Nf3 d6 3. d4 cxd4 4. Nxd4 Nf6 5. Nc3 a6 6. Be3 e5 7. Nf3 Nc6 8. Bc4
Be6 9. Bb3 Be7 10. O-O O-O 11. Re1 h6 12. Nd5 Bxd5 13. Bxd5 Nxd5 14. Qxd5 Qc7
15. c3 b5 16. a4 Rab8 17. b4 Rfc8 18. Nd2 Bg5 19. Bxg5 hxg5 20. Re3 Ne7 21. Qa2
Ng6 22. g3 Nf8 23. Rd3 Nd7 24. Nf3 g4 25. Nh4 Nf6 26. Nf5 Rb6 27. Rad1 Rd8 28.
axb5 axb5 29. Qe2 Rc6 30. Qe3 g6 31. Qg5 Nxe4 32. Qxg4 d5 33. Qxe4 dxe4 34.
Rxd8+ Kh7 35. R1d7 gxf5 36. Rxc7 Rxc7 37. Rd5 f6 38. Rc5 Rb7 39. Kf1 Kg6 40. Ke2
f4 41. gxf4 exf4 42. h4 f5 43. Rd5 Ra7 44. f3 Ra2+ 45. Ke1 Ra1+ 46. Ke2 Ra2+ 47.
Ke1 Ra1+ 48. Ke2 Ra2+ 49. Ke1 exf3 50. Rxb5 f2+ 51. Kf1 Kh5 52. Re5 Kxh4 53. Re2
Ra3 54. Kxf2 Rxc3 55. Rb2 Rh3 56. Rb1 Kg4 57. b5 Rh2+ 58. Kg1 Rh7 59. b6 Rb7 60.
Kf2 f3 61. Rb4+ Kg5 62. Ke3 Kf6 63. Kxf3 Ke5 64. Rb5+ Kd6 65. Kf4 Kc6 66. Rb3
Rxb6 67. Rxb6+ Kxb6 68. Kxf5 1/2-1/2

[Event "Mondiale Semilampo 2016"]
[Site "Doha QAT"]
[Date "2016.12.28"]
[Round "13.46"]
[White "Al-Sayed, Mohammed"]
[Black "Fressinet, Laurent"]
[Result "0-1"]
[WhiteTitle "GM"]
[BlackTitle "GM"]
[WhiteElo "2508"]
[BlackElo "2672"]
[WhiteFideId "12100196"]
[BlackFideId "608742"]
[EventDate "2016.12.26"]

1. d4 Nf6 2. c4 g6 3. Nc3 Bg7 4. Nf3 d6 5. e4 O-O 6. Be2 Nbd7 7. O-O e5 8. Be3
Qe7 9. d5 c5 10. dxc6 bxc6 11. b4 Bb7 12. Qd2 Rfd8 13. Rfd1 Nf8 14. a4 Ne6 15.
h3 d5 16. cxd5 cxd5 17. exd5 Nxd5 18. Nxd5 Rxd5 19. Qa2 e4 20. Rxd5 Bxa1 21.
Qxa1 Bxd5 22. Qe5 exf3 23. Qxd5 fxe2 0-1

[Event "Mondiale Semilampo 2016"]
[Site "Doha QAT"]
[Date "2016.12.28"]
[Round "13.47"]
[White "Perez Ponsa, Federico"]
[Black "Atabayev, Yusup"]
[Result "1/2-1/2"]
[WhiteTitle "GM"]
[BlackTitle "IM"]
[WhiteElo "2585"]
[BlackElo "2473"]
[WhiteFideId "117927"]
[BlackFideId "14001128"]
[EventDate "2016.12.26"]

1. e4 c5 2. Nf3 Nc6 3. Nc3 g6 4. d4 cxd4 5. Nxd4 Bg7 6. Be3 Nf6 7. Bc4 d6 8. f3
O-O 9. Bb3 Bd7 10. h4 h5 11. Qd2 a5 12. a4 Ne5 13. g4 Rc8 14. gxh5 Nxh5 15. Bh6
e6 16. Bxg7 Kxg7 17. f4 Nc4 18. Bxc4 Rxc4 19. O-O-O Qf6 20. Nde2 Bc6 21. Qe3 Rc8
22. Rxd6 Bxe4 23. Rhd1 Bf5 24. Nd4 Qxh4 25. Nxf5+ exf5 26. Qe5+ Kh7 27. Qxa5
Nxf4 28. Kb1 Rxc3 29. bxc3 Ne2 30. R6d3 Qf6 31. Kb2 f4 32. Rf3 Kg7 33. Rd2 Re8
34. Qb5 Re6 35. a5 Re5 36. Qc4 Qe7 37. Rf2 f3 38. Rxf3 Rxa5 39. Qb4 Qe5 40. Rxe2
Qxe2 41. Rxf7+ Kxf7 42. Qxa5 Qe4 43. Qc7+ Kf6 44. Qd6+ Kf5 45. Qd7+ Kf4 46. Qd6+
Kg4 47. Qd7+ Kh4 48. Qh7+ Kg3 49. Qc7+ Kf2 50. Qd8 Qc6 51. Qg5 Kf3 52. Kc1 Qe6
53. Kb2 Qf5 54. Qg1 Qb5+ 55. Kc1 g5 56. Qh1+ Kf4 57. Qh2+ Kf5 58. Qh3+ Ke5 59.
Qh8+ Kd6 60. Qd8+ Kc6 61. Qe8+ Kb6 62. Qe6+ Ka7 63. Qe3+ Ka8 64. Qd4 Qf1+ 65.
Kb2 Qf8 66. Qd5 Qe7 67. Qd4 Kb8 68. Qh8+ Kc7 69. Qd4 Kc6 70. Qa4+ Kd6 71. Qd4+
Ke6 72. Qe4+ Kf6 73. Qf3+ Kg7 74. Qf5 Kh6 75. Qh3+ Kg6 76. Qd3+ Kf6 77. Qf3+ 1/2-1/2

[Event "Mondiale Semilampo 2016"]
[Site "Doha QAT"]
[Date "2016.12.28"]
[Round "13.48"]
[White "Agdestein, Simen"]
[Black "Ghaem Maghami, Ehsan"]
[Result "0-1"]
[WhiteTitle "GM"]
[BlackTitle "GM"]
[WhiteElo "2602"]
[BlackElo "2574"]
[WhiteFideId "1500015"]
[BlackFideId "12500739"]
[EventDate "2016.12.26"]

1. c4 Nf6 2. Nc3 e6 3. d4 Bb4 4. e3 O-O 5. Bd3 c5 6. Nf3 d5 7. O-O Nc6 8. cxd5
exd5 9. dxc5 Bxc5 10. h3 Re8 11. b3 Ne4 12. Bb2 Bf5 13. Rc1 Bb6 14. Na4 Bc7 15.
Nc5 Qc8 16. Re1 Bb6 17. b4 Bxc5 18. bxc5 Qe6 19. Bf1 Rac8 20. Nh4 Rcd8 21. Ba1
Bg6 22. Nxg6 Qxg6 23. Re2 Ng5 24. Kh1 Qf5 25. Rec2 Ne4 26. Qf3 Qe6 27. Qg4 Qxg4
28. hxg4 Ne5 29. Bxe5 Rxe5 30. Kg1 Re7 31. c6 bxc6 32. Rxc6 g6 33. f3 Nd2 34.
Rc8 Rxc8 35. Rxc8+ Kg7 36. Rc3 d4 37. exd4 Re1 38. Kf2 Rxf1+ 39. Ke2 Nb1 40. Rb3
Rg1 41. Kd3 Rc1 42. g5 Kf8 43. Rb8+ Ke7 44. Rb7+ Ke6 45. Rxa7 Rc3+ 46. Ke4 Nd2+
47. Kf4 Nc4 48. d5+ Kxd5 49. Rxf7 Rc2 50. Rd7+ Nd6 51. g4 Rxa2 52. Rxh7 Ra4+ 53.
Kg3 Ra3 54. Kg2 Nc4 55. Rf7 Ra6 56. Kg3 Ne5 57. Rf8 Nd7 58. Rg8 Ne5 59. Rf8 Rc6
60. Kg2 Kd4 61. Kg3 Rb6 62. Rd8+ Ke3 63. Re8 Kd4 64. Rd8+ Kc5 65. Kf4 Nc6 66.
Kg3 Nxd8 0-1

[Event "Mondiale Semilampo 2016"]
[Site "Doha QAT"]
[Date "2016.12.28"]
[Round "13.49"]
[White "Darini, Pouria"]
[Black "Zhang, Zhong"]
[Result "1-0"]
[WhiteTitle "GM"]
[BlackTitle "GM"]
[WhiteElo "2511"]
[BlackElo "2645"]
[WhiteFideId "12502200"]
[BlackFideId "8600694"]
[EventDate "2016.12.26"]

1. d4 Nf6 2. Nc3 d6 3. e4 g6 4. Be3 c6 5. Qd2 b5 6. Bd3 Nbd7 7. a4 b4 8. Nce2 a5
9. Nf3 Bb7 10. O-O c5 11. e5 cxd4 12. exf6 dxe3 13. Qxe3 e6 14. Bb5 Qxf6 15. Qb6
Bxf3 16. gxf3 Qg5+ 17. Ng3 Qc5 18. Bxd7+ Ke7 19. Qxc5 dxc5 20. Rad1 Bg7 21. Bb5
Rad8 22. Ne4 Bxb2 23. Nxc5 1-0

[Event "Mondiale Semilampo 2016"]
[Site "Doha QAT"]
[Date "2016.12.28"]
[Round "13.50"]
[White "Belyakov, Bogdan"]
[Black "Tregubov, Pavel V."]
[Result "1-0"]
[WhiteTitle "IM"]
[BlackTitle "GM"]
[WhiteElo "2487"]
[BlackElo "2585"]
[WhiteFideId "24104795"]
[BlackFideId "4115341"]
[EventDate "2016.12.26"]

1. e4 c5 2. c3 Nf6 3. e5 Nd5 4. Nf3 Nc6 5. Bc4 Nb6 6. Bb3 c4 7. Bc2 d6 8. exd6
Qxd6 9. O-O Bg4 10. h3 Bh5 11. Re1 O-O-O 12. Na3 Qf6 13. Be4 e6 14. b3 Bxa3 15.
Bxa3 Ne5 16. g4 Nxf3+ 17. Bxf3 Bg6 18. Bc5 h5 19. Bd4 Rxd4 20. cxd4 hxg4 21.
Bxg4 Qxd4 22. Qe2 Rd8 23. bxc4 Nxc4 24. Bxe6+ fxe6 25. Qxe6+ Kb8 26. Qxg6 Nxd2
27. Qg3+ Ka8 28. Rac1 a6 29. Re3 Qb2 30. Rec3 Ka7 31. Qe3+ Qb6 32. Qxb6+ Kxb6
33. f3 Ka5 34. Kg2 Re8 35. R3c2 Re2+ 36. Kh1 b5 37. Rd1 Ne4 38. Rxe2 Ng3+ 39.
Kg2 Nxe2 40. Rd2 Nc3 41. f4 Ka4 42. Kf3 Ka3 43. f5 Nxa2 44. f6 gxf6 45. h4 Nb4
46. h5 Nc6 47. h6 Ne5+ 48. Ke4 Nf7 49. Rh2 b4 50. h7 a5 51. Kf5 b3 52. Kxf6 Nh8
53. Kg7 b2 54. Rxb2 Kxb2 55. Kxh8 a4 56. Kg8 a3 57. h8=Q+ Kb1 58. Qh1+ 1-0

[Event "Mondiale Semilampo 2016"]
[Site "Doha QAT"]
[Date "2016.12.28"]
[Round "13.51"]
[White "Maghsoodloo, Parham"]
[Black "Potapov, Pavel"]
[Result "1/2-1/2"]
[WhiteTitle "GM"]
[BlackTitle "GM"]
[WhiteElo "2584"]
[BlackElo "2493"]
[WhiteFideId "12539929"]
[BlackFideId "4169786"]
[EventDate "2016.12.26"]

1. d4 f5 2. c4 Nf6 3. Nc3 d6 4. g3 g6 5. Bg2 Bg7 6. Nf3 O-O 7. O-O c6 8. d5 e5
9. dxe6 Bxe6 10. Qb3 b5 11. Nd2 bxc4 12. Nxc4 Nbd7 13. Nb1 Ne5 14. Nbd2 Ne4 15.
Qc2 Nxc4 16. Nxc4 d5 17. Nd2 Qb6 18. Rb1 a5 19. Nxe4 fxe4 20. Be3 d4 21. Bf4
Bxa2 22. Bxe4 Bxb1 23. Rxb1 Rac8 24. h4 c5 25. b3 Rxf4 26. gxf4 Qf6 27. f5 Qxh4
28. fxg6 hxg6 29. Bd5+ Kh7 30. Qe4 Qxe4 31. Bxe4 Bh6 32. Rb2 Re8 33. f3 Re5 34.
Ra2 Be3+ 35. Kg2 Rg5+ 36. Kh3 Bf4 37. Rxa5 Kh6 38. Ra6 Kh5 39. Rc6 Rg3+ 40. Kh2
Rxf3+ 41. Kg2 Rg3+ 42. Kf2 Rxb3 43. Bxg6+ Kg5 44. Bd3 Rc3 45. Kf3 Bd2 46. Ke4
Rc1 47. Ke5 Bf4+ 48. Kd5 Be3 49. Rxc5 1/2-1/2

[Event "Mondiale Semilampo 2016"]
[Site "Doha QAT"]
[Date "2016.12.28"]
[Round "13.52"]
[White "Svane, Rasmus"]
[Black "Salinas Herrera, Pablo"]
[Result "1-0"]
[WhiteTitle "GM"]
[BlackTitle "IM"]
[WhiteElo "2555"]
[BlackElo "2466"]
[WhiteFideId "4657101"]
[BlackFideId "3407128"]
[EventDate "2016.12.26"]

1. Nf3 d5 2. d4 Nf6 3. c4 c6 4. Nc3 e6 5. e3 Nbd7 6. Qc2 Bd6 7. Bd3 O-O 8. O-O
dxc4 9. Bxc4 a6 10. Rd1 b5 11. Bd3 Qc7 12. Bd2 c5 13. Ne4 c4 14. Nxd6 Qxd6 15.
Be2 Bb7 16. b3 Rfc8 17. bxc4 bxc4 18. Rdc1 Bd5 19. Ba5 e5 20. dxe5 Nxe5 21. Nxe5
Qxe5 22. Bc3 Qg5 23. Bf1 Ne4 24. Rd1 Nxc3 25. Qxc3 Rc6 26. Qa5 Rd8 27. e4 c3 28.
Rxd5 Rxd5 29. Qxd5 Qf6 30. e5 1-0

[Event "Mondiale Semilampo 2016"]
[Site "Doha QAT"]
[Date "2016.12.28"]
[Round "13.53"]
[White "Tari, Aryan"]
[Black "Tissir, Mohamed"]
[Result "1-0"]
[WhiteTitle "GM"]
[BlackTitle "IM"]
[WhiteElo "2584"]
[BlackElo "2376"]
[WhiteFideId "1510045"]
[BlackFideId "9000240"]
[EventDate "2016.12.26"]

1. e4 c5 2. Nf3 e6 3. d4 cxd4 4. Nxd4 a6 5. c4 Nf6 6. Nc3 d6 7. Be3 Be7 8. Be2
O-O 9. O-O Qc7 10. Qd2 b6 11. f3 Bb7 12. Rfc1 Nbd7 13. a4 Rfd8 14. a5 bxa5 15.
Nb3 Rab8 16. Nxa5 Ba8 17. Bf1 Ne5 18. Na4 Nc6 19. Nxc6 Bxc6 20. b4 Qd7 21. Nb6
Qb7 22. b5 axb5 23. cxb5 Be8 24. Qf2 d5 25. exd5 Nxd5 26. Nxd5 Qxd5 27. b6 Bf6
28. Ra2 Bh4 29. g3 Bg5 30. f4 Bf6 31. Bg2 Qb3 32. Rd2 Rxd2 33. Qxd2 Rd8 34. Qe1
Bb2 35. Rb1 Qc2 36. b7 h6 37. Bf2 f5 38. Bf3 Kh7 39. Rd1 Bc3 40. Rc1 Bxe1 41.
Rxc2 Bxf2+ 42. Kxf2 1-0

[Event "Mondiale Semilampo 2016"]
[Site "Doha QAT"]
[Date "2016.12.28"]
[Round "13.54"]
[White "Christiansen, Johan-Sebastian"]
[Black "Kozul, Zdenko"]
[Result "0-1"]
[WhiteTitle "IM"]
[BlackTitle "GM"]
[WhiteElo "2429"]
[BlackElo "2613"]
[WhiteFideId "1512668"]
[BlackFideId "14502879"]
[EventDate "2016.12.26"]

1. Nf3 Nf6 2. c4 g6 3. g3 c6 4. Bg2 Bg7 5. O-O O-O 6. d4 d5 7. Qb3 Qb6 8. Nc3
Rd8 9. Rd1 Bf5 10. Qxb6 axb6 11. cxd5 Nxd5 12. Nxd5 Rxd5 13. Bg5 f6 14. Bf4 Be4
15. Bh3 Rda5 16. Be6+ Kf8 17. Nd2 Bd5 18. Bxd5 Rxd5 19. Nc4 Nd7 20. e4 Rb5 21.
Be3 f5 22. e5 Rd5 23. Bf4 Ra6 24. a4 Ke8 25. b4 Nf8 26. Ne3 Rd8 27. d5 cxd5 28.
Nxd5 Ne6 29. b5 Raa8 30. Nxb6 Rxd1+ 31. Rxd1 Rd8 32. Rxd8+ Kxd8 33. Nc4 Nc7 34.
Kf1 Nd5 35. Bd2 e6 36. Ke2 Bf8 37. Kd3 Kc8 38. Be3 Be7 39. Nb6+ Nxb6 40. Bxb6 h5
41. Kd4 g5 42. Bc5 Bd8 43. h3 g4 44. hxg4 hxg4 45. f4 Ba5 46. Kc4 Be1 47. b6
Bxg3 48. a5 Bxf4 49. Bd4 Bh2 50. Kb5 g3 51. a6 Kb8 52. a7+ Ka8 53. Kc5 f4 54.
Kd6 f3 55. Kxe6 f2 56. Kd7 f1=Q 57. e6 Qb5+ 58. Kd8 Qd5+ 59. Kc8 Qxe6+ 0-1

[Event "Mondiale Semilampo 2016"]
[Site "Doha QAT"]
[Date "2016.12.28"]
[Round "13.55"]
[White "Bosiocic, Marin"]
[Black "Hirneise, Jens"]
[Result "0-1"]
[WhiteTitle "GM"]
[BlackTitle "FM"]
[WhiteElo "2591"]
[BlackElo "2315"]
[WhiteFideId "14507927"]
[BlackFideId "24614734"]
[EventDate "2016.12.26"]

1. c4 g6 2. Nc3 Bg7 3. e4 c5 4. g3 Nc6 5. Bg2 d6 6. Nge2 e5 7. h4 h6 8. d3 Nge7
9. h5 g5 10. f4 gxf4 11. gxf4 exf4 12. Bxf4 Be6 13. Qd2 Qd7 14. O-O-O O-O-O 15.
Kb1 Rdg8 16. Nd5 Kb8 17. Nec3 a6 18. Na4 Ka7 19. Rdg1 Bd4 20. Rf1 Rg7 21. Nab6
Qd8 22. Bf3 Bxd5 23. Nxd5 Nxd5 24. exd5 Ne5 25. Be4 Qb6 26. Rh2 Rhg8 27. Bxh6
Rg1 28. Rh1 Rxh1 29. Rxh1 Ng4 30. Bf4 Nf2 31. Rf1 Nxe4 32. dxe4 Qd8 33. Qh2 Rg4
34. Bc1 Qe7 35. h6 Rxe4 36. Qg2 Re2 37. Qf3 Qe5 38. Qb3 Qe4+ 39. Ka1 Bxb2+ 40.
Bxb2 Re1+ 41. Qd1 Rxd1+ 42. Rxd1 Qh4 43. Bg7 f5 44. a4 a5 45. Kb2 f4 46. Kc2 f3
47. Kd3 Qh2 48. Re1 Qg3 49. Ra1 Qh2 50. Ke3 Qe2+ 51. Kf4 Qg2 52. Kf5 f2 53. Ke6
f1=Q 54. Rxf1 Qxf1 55. Ke7 Qf5 56. Kxd6 Kb6 57. Ke7 Kc7 58. Bf6 Qh7+ 59. Bg7
Qe4+ 60. Kf8 Kd7 61. Kg8 Qe8+ 62. Bf8 Qg6+ 63. Bg7 Ke8 64. Kh8 Kf7 65. d6 Qxd6 0-1

[Event "Mondiale Semilampo 2016"]
[Site "Doha QAT"]
[Date "2016.12.28"]
[Round "13.56"]
[White "Shytaj, Luca"]
[Black "Saeed, Ishaq"]
[Result "0-1"]
[WhiteTitle "IM"]
[BlackTitle "FM"]
[WhiteElo "2435"]
[BlackElo "2312"]
[WhiteFideId "812633"]
[BlackFideId "9301453"]
[EventDate "2016.12.26"]

1. e4 e5 2. Nf3 Nc6 3. Bc4 Bc5 4. d3 Nf6 5. O-O O-O 6. h3 h6 7. a3 a6 8. Be3
Bxe3 9. fxe3 d5 10. exd5 Nxd5 11. Qe1 Be6 12. Bxd5 Qxd5 13. Nc3 Qc5 14. b4 Qe7
15. Qg3 Rad8 16. Nxe5 Qd6 17. d4 Nxe5 18. Ne4 Qc6 19. Qxe5 Bd5 20. Ng3 Rfe8 21.
Qf4 Qxc2 22. e4 Bxe4 23. Qxf7+ Kh8 24. Nxe4 Qxe4 25. Qxc7 Qxd4+ 26. Kh1 Rd7 27.
Qg3 Qd3 28. Rf3 Qd6 29. Qf2 Qe5 30. Rf1 Kh7 31. Rf4 Qe2 32. Qc5 Re5 33. Qc1 Rd2
34. Qb1+ Qd3 35. Qxd3+ Rxd3 36. Rf7 b5 37. R1f3 Ree3 38. R3f4 Rg3 39. Kh2 Rxa3
40. h4 Rab3 41. h5 Rg5 42. g4 Rd5 43. Rf2 Rxb4 44. Kh3 Rd3+ 45. Kh4 Rb1 46. g5
Rb4+ 47. R7f4 Rxf4+ 48. Rxf4 hxg5+ 49. Kxg5 Rd5+ 0-1